| 000 | 00954nam a2200241 i 4500 | ||
|---|---|---|---|
| 001 | 128807 | ||
| 003 | ES-MaACL | ||
| 005 | 20251114105353.0 | ||
| 007 | t| | ||
| 008 | 070528s1945 sp ||||1| spa d | ||
| 080 | _a929:359(460) | ||
| 100 | 1 |
_aTaxonera, Luciano de, _d1890-1967 _9109428 |
|
| 245 | 1 | 0 |
_aHonor y amor al mar : _bcuatro vidas de navegantes españoles : el duque de Osuna, el marqués de la Victoria, Francisco de Ribera, Pedro Alonso Niño / _cLuciano de Taxonera. |
| 250 | _a1ª ed. | ||
| 260 |
_aMadrid : _bAlhambra, _c1945. |
||
| 300 |
_a246 p., : _bil. ; _c20 cm. |
||
| 600 | 1 | 7 |
_aOsuna, Pedro Téllez Girón, _cDuque de, _d1574-1624 _2 _9158586 |
| 600 | 1 | 4 |
_aVictoria, Juan José Navarro, _cMarqués de la, _d1687-1772 _9174372 |
| 600 | 1 | 4 |
_aRivera y Medina, Francisco de, _dca. 1582-ca. 1646 _9174374 |
| 600 | 1 | 4 |
_aNiño, Pedro Alonso, _dca. 1468-1502 _9174373 |
| 852 | 4 |
_aES-MaACL _jE-1177 |
|
| 999 |
_c128807 _d128807 |
||